000 00801nam a2200289Ia 4500
005 20260324120304.0
008 008 260324s9999 xx 000 0 eng d
020 _a9781003448808
037 _aEBOOK
040 _aCRL
040 _beng
040 _cCRL
041 _2eng
041 _aeng
084 _qCRL
100 _aMelody Christine Porter; Shoshanna Sumka; Jill Piacitelli; Tanya O. Williams
_91157975
245 0 _aWorking Side by Side
245 0 _bCreating Alternative Breaks as Catalysts for Global Learning, Student Leadership, and Social Change
260 _bTaylor and Francis
260 _c2015
365 _a
365 _b230
856 _uhttp://www.taylorfrancis.com/books/9781003448808
942 _cEBOOK
999 _c1749431
_d1749431